Múzeum Bojnice - hrad celkový pohľad na hrad : interiér hradnej kaplnky : okenná vitráž z Pálffyho obrazárne

Zobrazenie: V bielom orámovaní jeden pohľad na zámok, čnejúci sa nad stromami, jeden pohľad na strop kaplnky a jeden pohľad na okennú vitráž. V ľavom hornom rohu je erb

Bibliographic Details
Other Authors: Absolon, Zoltán, 1934- (Photographer), Bunčáková, I. (fotografka) (Photographer)
Format: Photo
Language:Slovak
PhysicalDescription:1 pohľadnica (3 čiastkové pohľady) farebná 11 x 15 cm
Published: Bratislava Pressfoto 1970
Subjects:

MARC

LEADER 00000nkm a2200000 a 4500
001 vtls011929326
003 SK-MaSNL
005 20260331212424.0
007 kf co
008 231120s1970 xo g kuslo
015 |a SNBG1970 
035 |a urn:nbn:sk:snk-km00eaqi 
035 |a urn:nbn:sk:snk-km43gfp 
035 |a 6872A096-9CE2-40B0-9D0F-85DE69236B6C 
040 |a SNK  |b slo  |c SNK  |e AACR2 
041 0 |a slo 
043 |a e-xo--- 
044 |a xo  |c SK 
072 7 |a 913  |x Regionálna geografia  |2 konspekt 
080 |a 913(437.6)  |2 2011 
080 |a 904:72  |2 2011 
080 |a 728.82  |2 2011 
080 |a 904(084.121)  |2 2011 
080 |a 726:27-523.43:728.81  |2 2011 
080 |a 069  |2 2011 
080 |a 748.5  |2 2011 
100 1 |a Absolon, Zoltán,  |d 1934-  |4 pht  |9 42552 
245 1 0 |a Múzeum Bojnice - hrad  |h grafika  |b celkový pohľad na hrad : interiér hradnej kaplnky : okenná vitráž z Pálffyho obrazárne  |c foto: Z. Absolón, I. Bunčáková 
246 1 |i Názov na obrazovej časti:  |a Bojnice 
260 |a Bratislava  |b Pressfoto  |c 1970  |e Skalica  |f Grafobal 
300 |a 1 pohľadnica (3 čiastkové pohľady)  |b farebná  |c 11 x 15 cm 
520 8 |a Zobrazenie:  |a V bielom orámovaní jeden pohľad na zámok, čnejúci sa nad stromami, jeden pohľad na strop kaplnky a jeden pohľad na okennú vitráž. V ľavom hornom rohu je erb 
610 2 7 |a Bojnický zámok  |2 SNKKA  |9 32519 
610 2 7 |a Múzeum Bojnice  |2 SNKKA  |9 166786 
650 0 7 |a zámky  |2 SNKPH  |9 3041 
650 0 7 |a hrady  |2 SNKPH  |9 3039 
650 0 7 |a národné kultúrne pamiatky  |2 SNKPH  |9 31192 
650 0 7 |a múzeá  |2 SNKPH  |9 4119 
650 0 7 |a hradné kaplnky  |2 SNKPH  |9 110070 
650 0 7 |a vitráže  |2 SNKPH  |9 13587 
651 7 |a Bojnice (Slovensko)  |2 SNKPHgeo  |9 30288 
655 7 |a miestne pohľadnice  |2 SNKPH  |9 70510 
655 7 |a pohľadnice kultúrnych pamiatok  |2 SNKPH  |9 70523 
700 1 |a Bunčáková, I.  |c (fotografka)  |4 pht  |9 303066 
852 |a Slovenská národná knižnica 
954 |a pohľadnice pôvodné (slovenské)  |2 lita 
958 |a GBN 
958 |a GC 
958 |a OND 
958 |a EUIPO 
999 |c 779659  |d 781589 
952 |a SNK  |b SNK  |y PREZ  |7 0  |p 17A1411979  |o snkSP 132795  |z Pohľadnica prešla poštou.  |0 0  |1 0  |4 0  |d 2020-04-16  |f 1  |l 0  |r 2026-02-24 01:01:07  |w 2026-02-24